000 00467ntaaa2200181 4500
003 01
005 20251027202420.0
008 0714s1973 ag 01
040 _aAR-BaBN
_bspa
_cAR-BaBN
_eaacr
_dRIC
082 _a287.0000 T77
100 _aTruscott, Basil R.
_922986
245 _aSixty years of Christian Service
250 _a1 ed.
260 _aBuenos Aires :
_bLomas de Zamora,
_cc1957
300 _a189 p
650 _aMetodistas-Argentina
_922987
942 _cBK
999 _c19076
_d19076